[Event "Hyderabad Pearl City op"]
[Site "Hyderabad"]
[Date "2019.09.07"]
[Round "2"]
[White "Kandi, Ravi"]
[Black "Dhulipalla, Bala Chandra Prasad"]
[Result "0-1"]
[WhiteElo "1553"]
[BlackElo "2422"]
[PlyCount "84"]
[EventDate "2019.09.06"]
[EventType "swiss"]
[EventRounds "11"]
[EventCountry "IND"]
[SourceTitle "EXT 2020"]
[Source "ChessBase"]
[SourceDate "2019.10.17"]
[SourceVersion "1"]
[SourceVersionDate "2019.10.17"]
[SourceQuality "1"]

1. e4 Nc6 2. Nf3 d6 3. d4 Nf6 4. Nc3 g6 5. Be2 Bg7 6. 0-0 0-0 7. h3 a6 8. Re1 b5 9. a3 e6 10. Bf1 Bb7 11. e5 dxe5 12. dxe5 Nd7 13. Bf4 Ne7 14. Qe2 Re8 15. Rad1 Nd5 16. Bg5 Qc8 17. Qd2 Rb8 18. Bh4 Ba8 19. Bg3 Nc5 20. b4 Nxc3 21. Qxc3 Ne4 22. Qe3 Nxg3 23. fxg3 c5 24. bxc5 Bd5 25. g4 Bf8 26. Qf4 Qxc5+ 27. Kh1 h6 28. g5 h5 29. Bd3 Red8 30. Kh2 Bg7 31. Rf1 Bxf3 32. Qxf3 Qxe5+ 33. Kh1 Rf8 34. h4 Rbd8 35. Be4 Rxd1 36. Rxd1 a5 37. g4 hxg4 38. Qxg4 Rc8 39. Bd3 Rd8 40. Qg2 Rd4 41. Qf2 Rd8 42. Qh2 Qd5+ 0-1